000 00620nam a2200229Ia 4500
003 OSt
005 20220928115522.0
006 a|||||r|||| 00| 0
007 ta
008 220927b |||||||| |||| 00| 0 eng d
024 _a29783
037 _cTextual
040 _aSDCL
_cSDCL
_beng
041 _2eng
_aeng
082 _aX:958.2'N8, M1
100 _aSarma A M
_9416975
245 0 _aAspects of labour welfare and social security
260 _aBombay
_bHimalaya Publishing House
_c1981
300 _axi,239p
_ccm.
942 _hX:958.2'N8, M1
_cTEXL
_2CC
999 _c759762
_d759762